No guaranteed answer (Record no. 72143)

MARC details
000 -LEADER
fixed length control field 01786cam a2200241 4500
001 - CONTROL NUMBER
control field ABS66451
008 - FIXED-LENGTH DATA ELEMENTS--GENERAL INFORMATION
fixed length control field 030224n2003 000 0 eng u
035 ## - SYSTEM CONTROL NUMBER
System control number (Sirsi) u121412
100 ## - MAIN ENTRY--PERSONAL NAME
Personal name Murdoch, S.
245 ## - TITLE STATEMENT
Title No guaranteed answer
260 ## - PUBLICATION, DISTRIBUTION, ETC.
Date of publication, distribution, etc. 2003
490 ## - SERIES STATEMENT
Series statement Estates Gazette
Volume/sequential designation (0306) 8 February 2003, 143(1)
520 ## - SUMMARY, ETC.
Summary, etc. Discusses the basic legal principles governing the granting of licenses to assign leases. Refers to two recent cases highlighting the problems encountered over the assigning of leases. In "Mount Eden Land Ltd v Towerstone Ltd" (ChD [2002] 31 EG 97(CS)) the judge held that, where the requirement for a surety is a precondition to the right to assign and is at the discretion of the landlord, there is no need for reasonableness. In this instance the landlord was reasonable in refusing to accept the guarantor. In contrast "London and Argyll Developments Ltd v Mount Cook Land Ltd" (ChD [2002] 50 EG 111(CS)) highlighted the principle that where insistence upon a surety is a condition of a consent that is required to be reasonable, the landlord can only rely upon written reasons given to the tenant at the time the condition is imposed. Principles set out in "Footwear Corporation Ltd v Amplight Ltd" (ChD Abs58921) concerning a refusal of consent should equally be applied to conditions imposed upon the giving of consent. The landlord's insistence upon a guarantor was not justified.
590 ## - LOCAL NOTE (RLIN)
Local note ABS
650 ## - SUBJECT ADDED ENTRY--TOPICAL TERM
Topical term or geographic name entry element SURETIES
650 ## - SUBJECT ADDED ENTRY--TOPICAL TERM
Topical term or geographic name entry element GUARANTORS
650 ## - SUBJECT ADDED ENTRY--TOPICAL TERM
Topical term or geographic name entry element MOUNT EDEN LAND LTD V TOWERSTONE LTD
650 ## - SUBJECT ADDED ENTRY--TOPICAL TERM
Topical term or geographic name entry element LONDON AND ARGYLL DEVELOPMENTS LTD V MOUNT COOK LAND LTD
650 ## - SUBJECT ADDED ENTRY--TOPICAL TERM
Topical term or geographic name entry element LICENCES TO ASSIGN
650 ## - SUBJECT ADDED ENTRY--TOPICAL TERM
Topical term or geographic name entry element FOOTWEAR CORPORATION LTD V AMPLIGHT PROPERTIES LTD
690 ## - LOCAL SUBJECT ADDED ENTRY--TOPICAL TERM (OCLC, RLIN)
Topical term or geographic name as entry element LANDLORD AND TENANT-LEASES-CASE LAW
942 ## - ADDED ENTRY ELEMENTS (KOHA)
Suppress in OPAC 0
Holdings
Withdrawn status Lost status Source of classification or shelving scheme Damaged status Not for loan Home library Current library Shelving location Date acquired Total Checkouts Full call number Barcode Date last seen Copy number Price effective from Koha item type
    Dewey Decimal Classification     London London Journal article 24/02/2003   ABS6651 121412-1001 06/08/2019 1 06/08/2019 Law report